书目信息 |
| 题名: |
婚姻
|
|
| 作者: | 萧瀚 编 | |
| 分册: | ||
| 出版信息: | 北京 生活·读书·新知三联书店 2017 |
|
| 页数: | 348页 | |
| 开本: | 23cm | |
| 丛书名: | 观念读本 | |
| 单 册: | ||
| 中图分类: | C913.13 | |
| 科图分类: | ||
| 主题词: | 婚姻--hun yin--研究 | |
| 电子资源: | ||
| ISBN: | 978-7-108-05144-8 | |
| 000 | 00973nam0 22002771 450 | |
| 001 | 1754550637 | |
| 005 | 20170516112211.0 | |
| 010 | @a978-7-108-05144-8@dCNY46.00 | |
| 100 | @a20170220d2017 em y0chiy50 ea | |
| 101 | 0 | @achi |
| 102 | @aCN@b110000 | |
| 105 | @ay a 000yy | |
| 106 | @ar | |
| 200 | 1 | @a婚姻@9hun yin@dMarriage@f萧瀚编@zeng |
| 210 | @a北京@c生活·读书·新知三联书店@d2017 | |
| 215 | @a348页@d23cm | |
| 225 | 2 | @a观念读本@9guan nian du ben@h第一辑 |
| 320 | @a有书目 (第347-348页) | |
| 330 | @a婚姻是人类文明发展的历史上最重要的人际关系之一。本书选编了柏拉图、亚里士多德、康德、黑格尔、赫尔岑、托尔斯泰、罗素等西方先哲和文豪的经典论著中有关婚姻、家庭和两性的力作二十篇,力图表现西方历史上爱情婚姻观念的流变。 | |
| 461 | 0 | @12001 @a观念读本@h第一辑 |
| 510 | 1 | @aMarriage@zeng |
| 606 | 0 | @a婚姻@9hun yin@x研究 |
| 690 | @aC913.13@v4 | |
| 701 | 0 | @a萧瀚@9xiao han@4编 |
| 801 | 0 | @aCN@b百万庄@c20170513 |
| 905 | @b1006536-41@dC913.13@e1013@f6 | |
| 婚姻=Marriage/萧瀚编.-北京:生活·读书·新知三联书店,2017 |
| 348页;23cm.-(观念读本.第一辑) |
| ISBN 978-7-108-05144-8:CNY46.00 |
| 婚姻是人类文明发展的历史上最重要的人际关系之一。本书选编了柏拉图、亚里士多德、康德、黑格尔、赫尔岑、托尔斯泰、罗素等西方先哲和文豪的经典论著中有关婚姻、家庭和两性的力作二十篇,力图表现西方历史上爱情婚姻观念的流变。 |
| ● |
| 相关链接 |
|
|
|
|
正题名:婚姻
索取号:C913.13/1013
 
预约/预借
| 序号 | 登录号 | 条形码 | 馆藏地/架位号 | 状态 | 备注 |
| 1 | 1006536 | 210065365 | 第一样本阅览室/ [索取号:C913.13/1013] | 在馆 | |
| 2 | 1006537 | 210065374 | 教育系资料室/ [索取号:C913.13/1013] | 在馆 | |
| 3 | 1006538 | 210065383 | 教育系资料室/ [索取号:C913.13/1013] | 在馆 | |
| 4 | 1006539 | 210065392 | 教育系资料室/ [索取号:C913.13/1013] | 在馆 | |
| 5 | 1006540 | 210065409 | 第一借阅区/ [索取号:C913.13/1013] | 在馆 | |
| 6 | 1006541 | 210065418 | 第一借阅区/ [索取号:C913.13/1013] | 在馆 |